Atlanta Braves All-Time Team - Statistics

General Stats
  • This quiz has been taken 134 times
  • The average score is 4 of 10
Answer Stats
Nickname Player % Correct
Third Base Chipper Jones
89%
Starting Pitcher Greg Maddux
84%
Right Field Hank Aaron
76%
Left Field Andruw Jones
40%
Center Field Dale Murphy
39%
Relief Pitcher Craig Kimbrel
35%
Catcher Joe Torre
31%
First Base Eddie Mathews
30%
Shortstop Andrelton Simmons
3%
Second Base Davey Johnson
2%
No matching quizzes found
Score Distribution
Percent of People with Each Score
Percentile by Number Answered
Your Score History
You have not taken this quiz